000 00592nam a2200205Ia 4500
008 170203s9999 xx 000 0 und d
020 _a0-416166520
050 _aFic
050 _bM659c
100 _aMilne, A.A.
245 _aChristopher Robin gives a party /
245 _cby A.A. Milne ; illustrated by Ernest H. Shepard.
260 _aLondon :
260 _bMethuen Children's book.
260 _c1973
300 _a26 pages :
500 _ataken from Winnie-the-Pooh originally published in Great Britain.
650 _aEnglish fiction --
650 _xChildren's stories.
999 _c306637
_d306637